[Event "Vienna Advent op"]
[Site "Vienna"]
[Date "2023.12.14"]
[Round "4"]
[White "Hofegger, Jakob"]
[Black "Mandukhai, Myagmarsuren"]
[Result "1-0"]
[WhiteElo "2163"]
[BlackElo "2078"]
[PlyCount "115"]
[EventDate "2023.12.11"]
[EventType "swiss"]
[EventRounds "7"]
[EventCountry "AUT"]
[SourceTitle "CB51_2023"]
[SourceDate "2023.12.20"]
[SourceVersion "1"]
[SourceVersionDate "2023.12.20"]
[SourceQuality "1"]

1. Nf3 d5 2. g3 g6 3. Bg2 Bg7 4. d3 e5 5. 0-0 Nc6 6. e4 dxe4 7. dxe4 Qxd1 8. Rxd1 Bg4 9. c3 Nf6 10. Re1 0-0-0 11. Bg5 h6 12. Bxf6 Bxf6 13. Nbd2 Rd3 14. h3 Bxf3 15. Nxf3 Rhd8 16. Re2 Na5 17. Rc2 b6 18. Ne1 Rd2 19. Rac1 Nc4 20. Nf3 Rxc2 21. Rxc2 Rd1+ 22. Bf1 Nd6 23. Re2 Ra1 24. a3 Rb1 25. Ne1 Nc4 26. Nd3 Rd1 27. Rc2 Bg5 28. Kg2 Rb1 29. Be2 f5 30. h4 Bf6 31. Nb4 Nd6 32. Nd5 Bd8 33. h5 Nxe4 34. hxg6 Nf6 35. g7 Ng8 36. Bh5 Bf6 37. Nxf6 Nxf6 38. Bf7 Kd7 39. g8Q Nxg8 40. Bxg8 Rd1 41. Kf3 Ke7 42. Ke2 Rd8 43. Bc4 c6 44. Rc1 Rf8 45. Rh1 Rf6 46. a4 Rd6 47. b4 Rf6 48. Rh5 Kd6 49. Rh1 Ke7 50. Bd3 Kd6 51. Ke3 c5 52. b5 Ke7 53. Bc4 Rd6 54. Ke2 Rf6 55. Bd5 Rd6 56. Rd1 Rd7 57. Bc6 Rc7 58. Rh1 1-0

[Event "AUT-chT2O 1920"]
[Site "Austria"]
[Date "2020.01.18"]
[Round "6.5"]
[White "Mozny, Milos"]
[Black "Hofegger, Jakob"]
[Result "1/2-1/2"]
[WhiteElo "2256"]
[BlackElo "2177"]
[PlyCount "66"]
[EventDate "2019.10.19"]
[EventType "team-tourn"]
[EventRounds "11"]
[EventCountry "AUT"]
[SourceTitle "CBM 194 Extra"]
[Source "ChessBase"]
[SourceDate "2020.03.31"]
[SourceVersion "1"]
[SourceVersionDate "2020.03.31"]
[SourceQuality "1"]
[WhiteTeam "Hietzing"]
[BlackTeam "Baden Invest"]
[WhiteTeamCountry "AUT"]
[BlackTeamCountry "AUT"]

1. d4 Nf6 2. Nf3 g6 3. g3 Bg7 4. Bg2 0-0 5. c4 d6 6. Nc3 c5 7. dxc5 dxc5 8. Be3 Qa5 9. Qa4 Nc6 10. Nd2 Qxa4 11. Nxa4 Nd4 12. Rc1 Ng4 13. Nxc5 Nxe3 14. fxe3 Nf5 15. Kf2 Rb8 16. Rhd1 b6 17. Nd3 Bh6 18. Nf1 Bb7 19. Bf3 Nd6 20. Nb4 a5 21. Nd5 Bxd5 22. Rxd5 Rfc8 23. b3 a4 24. Rcd1 Bg7 25. g4 axb3 26. axb3 Bc3 27. Ng3 Rc7 28. Ne4 Bb4 29. Ra1 Nxe4+ 30. Bxe4 Bd6 31. h3 Rc5 32. Kf3 Rxd5 33. Bxd5 h6 1/2-1/2

[Event "AUT-chT2O 1819"]
[Site "Austria"]
[Date "2019.03.09"]
[Round "8.4"]
[White "Hofegger, Jakob"]
[Black "Steiner, Bruno"]
[Result "1-0"]
[WhiteElo "2128"]
[BlackElo "2075"]
[PlyCount "77"]
[EventDate "2018.10.06"]
[EventType "team-tourn"]
[EventRounds "11"]
[EventCountry "AUT"]
[SourceTitle "CBM 189 Extra"]
[Source "ChessBase"]
[SourceDate "2019.06.03"]
[SourceVersion "1"]
[SourceVersionDate "2019.06.03"]
[SourceQuality "1"]
[WhiteTeam "Baden Invest"]
[BlackTeam "Bad Voeslau"]
[WhiteTeamCountry "AUT"]
[BlackTeamCountry "AUT"]

1. Nf3 d5 2. g3 Bg4 3. Bg2 Nd7 4. 0-0 e6 5. d3 Bc5 6. Nbd2 c6 7. e4 Ne7 8. b3 0-0 9. h3 Bxf3 10. Nxf3 a5 11. a4 Ng6 12. Qe2 Re8 13. Bb2 Qc7 14. Kh1 Be7 15. Rae1 Bf6 16. e5 Be7 17. h4 b5 18. h5 Ngf8 19. h6 bxa4 20. hxg7 Ng6 21. bxa4 Rab8 22. Ba1 Rb4 23. Nh2 Rxa4 24. f4 Bb4 25. Rb1 Ne7 26. Bh3 c5 27. Qh5 d4 28. Nf3 Nf5 29. Bxf5 exf5 30. Qxf5 Qc6 31. Kg2 Qe6 32. Qh5 Qg6 33. Qh3 Kxg7 34. Kf2 Ra2 35. Rb2 Rxb2 36. Bxb2 Nf8 37. f5 Qb6 38. f6+ Kg8 39. Qh6 1-0

[Event "Niederoesterreich Landesliga 1819"]
[Site "Austria"]
[Date "2018.10.28"]
[Round "3.3"]
[White "Lechner, Daniel"]
[Black "Hofegger, Jakob"]
[Result "0-1"]
[WhiteElo "2167"]
[BlackElo "2128"]
[PlyCount "74"]
[EventDate "2018.09.30"]
[EventType "team-tourn"]
[EventRounds "11"]
[EventCountry "AUT"]
[SourceTitle "CBM 189 Extra"]
[Source "ChessBase"]
[SourceDate "2019.06.03"]
[SourceVersion "1"]
[SourceVersionDate "2019.06.03"]
[SourceQuality "1"]
[WhiteTeam "Kottingbrunn"]
[BlackTeam "Baden Invest"]
[WhiteTeamCountry "AUT"]
[BlackTeamCountry "AUT"]

1. d4 Nf6 2. c4 g6 3. Nc3 Bg7 4. e4 d6 5. Nf3 0-0 6. h3 e5 7. d5 a5 8. Be3 Na6 9. g4 Bd7 10. Nd2 Nc5 11. Be2 Qe7 12. h4 c6 13. h5 cxd5 14. cxd5 Rfc8 15. a4 b6 16. h6 Bh8 17. Bg5 Qf8 18. f3 Ne8 19. Bb5 Bf6 20. Be3 Qe7 21. Qe2 Bh4+ 22. Kf1 Bxb5 23. Nxb5 Bg5 24. Nc4 Bxe3 25. Qxe3 Rab8 26. Kg2 Qd7 27. b3 Nxa4 28. Nbxd6 Nxd6 29. Nxd6 Rc2+ 30. Kg3 Nc3 31. Nc4 Ne2+ 32. Kf2 Nd4+ 33. Kg3 Ne2+ 34. Kf2 Nf4+ 35. Kf1 Qb5 36. Ra4 Rb2 37. Ra3 Rb1+ 0-1

[Event "Niederoesterreich Landesliga 1819"]
[Site "Austria"]
[Date "2018.09.30"]
[Round "1.2"]
[White "Hofegger, Jakob"]
[Black "Ernst, Michael"]
[Result "1/2-1/2"]
[WhiteElo "2128"]
[BlackElo "2155"]
[PlyCount "32"]
[EventDate "2018.09.30"]
[EventType "team-tourn"]
[EventRounds "11"]
[EventCountry "AUT"]
[SourceTitle "CBM 189 Extra"]
[Source "ChessBase"]
[SourceDate "2019.06.03"]
[SourceVersion "1"]
[SourceVersionDate "2019.06.03"]
[SourceQuality "1"]
[WhiteTeam "Baden Invest"]
[BlackTeam "Poechlarn"]
[WhiteTeamCountry "AUT"]
[BlackTeamCountry "AUT"]

1. Nf3 d5 2. g3 Bf5 3. Bg2 Nf6 4. 0-0 e6 5. d3 h6 6. Nbd2 Be7 7. Qe1 0-0 8. e4 Bh7 9. Qe2 c5 10. Ne5 Nc6 11. Nxc6 bxc6 12. b3 Nd7 13. Bb2 Bf6 14. e5 Be7 15. f4 Qb6 16. c4 a5 1/2-1/2

[Event "AUT-ch"]
[Site "Vienna"]
[Date "2018.07.28"]
[Round "8"]
[White "Hofegger, Jakob"]
[Black "Ehs, Dominik"]
[Result "1/2-1/2"]
[WhiteElo "2147"]
[BlackElo "2097"]
[PlyCount "117"]
[EventDate "2018.07.22"]
[EventType "swiss"]
[EventRounds "9"]
[EventCountry "AUT"]
[SourceTitle "CBM 185 Extra"]
[Source "ChessBase"]
[SourceDate "2018.07.29"]
[SourceVersion "1"]
[SourceVersionDate "2018.07.29"]
[SourceQuality "1"]

1. Nf3 c5 2. g3 Nc6 3. Bg2 e6 4. 0-0 d5 5. d3 Nf6 6. Nbd2 Be7 7. e4 Qc7 8. Re1 b6 9. Qe2 Bb7 10. a3 h6 11. h4 0-0-0 12. e5 Nd7 13. h5 Rdg8 14. c4 d4 15. Ne4 g6 16. hxg6 Rxg6 17. Bf4 h5 18. Nd6+ Bxd6 19. exd6 Qd8 20. b4 h4 21. bxc5 Nxc5 22. d7+ Nxd7 23. c5 hxg3 24. Bxg3 Nxc5 25. Rac1 Rhg8 26. Rxc5 bxc5 27. Rb1 Rxg3 28. fxg3 Rxg3 29. Kh2 Qc7 30. Kh1 Ne7 31. Ne1 Rh3+ 32. Kg1 Qh2+ 33. Kf2 Bxg2 34. Nxg2 Nd5 35. Qg4 Rh8 36. Qf3 Qh5 37. Qg3 e5 38. Rb5 Qf5+ 39. Kg1 Kd7 40. Rxc5 Kd6 41. Ra5 Nc3 42. Qe1 f6 43. Ra6+ Kc7 44. Rxa7+ Kb8 45. Re7 Qh5 46. Rg7 Qf3 47. Nh4 Qd1 48. Qxd1 Nxd1 49. Ng6 Rc8 50. Rf7 Rc6 51. Kf1 Ne3+ 52. Ke2 Ra6 53. Kf3 Nf1 54. Ke4 Ne3 55. Kf3 Rxa3 56. Rxf6 Rxd3 57. Nxe5 Nd5+ 58. Nxd3 Nxf6 59. Kf4 1/2-1/2

[Event "AUT-ch"]
[Site "Vienna"]
[Date "2018.07.26"]
[Round "6"]
[White "Ebner, Johann"]
[Black "Hofegger, Jakob"]
[Result "1/2-1/2"]
[WhiteElo "2007"]
[BlackElo "2147"]
[PlyCount "84"]
[EventDate "2018.07.22"]
[EventType "swiss"]
[EventRounds "9"]
[EventCountry "AUT"]
[SourceTitle "CBM 185 Extra"]
[Source "ChessBase"]
[SourceDate "2018.07.29"]
[SourceVersion "1"]
[SourceVersionDate "2018.07.29"]
[SourceQuality "1"]

1. d4 Nf6 2. c4 g6 3. Nc3 Bg7 4. e4 d6 5. Be2 0-0 6. Bg5 h6 7. Be3 c5 8. d5 e6 9. h3 exd5 10. exd5 Re8 11. Nf3 Bf5 12. Bd3 Ne4 13. Nxe4 Bxe4 14. Bxe4 Rxe4 15. Qc2 Re7 16. 0-0 Nd7 17. Rfe1 Qc7 18. Bd2 Rae8 19. Rxe7 Rxe7 20. Re1 Nf6 21. Bc3 a6 22. a4 Rxe1+ 23. Nxe1 Qd7 24. b3 Qe7 25. Nf3 Qe4 26. Qxe4 Nxe4 27. Bxg7 Kxg7 28. Kf1 f5 29. Ke2 Kf6 30. Ke3 b6 31. Ne1 Ng5 32. f4 Ne4 33. Nf3 Ng3 34. h4 Nh5 35. Nd2 g5 36. fxg5+ hxg5 37. g4 Ng3 38. hxg5+ Kxg5 39. gxf5 Nxf5+ 40. Kd3 Kf4 41. Ne4 Ke5 42. Ng5 a5 1/2-1/2

[Event "AUT-ch"]
[Site "Vienna"]
[Date "2018.07.22"]
[Round "1"]
[White "Diermair, Andreas"]
[Black "Hofegger, Jakob"]
[Result "1-0"]
[WhiteElo "2508"]
[BlackElo "2147"]
[PlyCount "147"]
[EventDate "2018.07.22"]
[EventType "swiss"]
[EventRounds "9"]
[EventCountry "AUT"]
[SourceTitle "CBM 185 Extra"]
[Source "ChessBase"]
[SourceDate "2018.07.29"]
[SourceVersion "1"]
[SourceVersionDate "2018.07.29"]
[SourceQuality "1"]

1. d4 Nf6 2. Nf3 g6 3. Bg5 Bg7 4. Nbd2 0-0 5. c3 d6 6. e4 Nbd7 7. Bc4 e5 8. 0-0 b6 9. Re1 Bb7 10. a4 h6 11. Bh4 a6 12. Qc2 Qe7 13. Bd3 Rfe8 14. Nc4 Rad8 15. Ne3 Rc8 16. Nc4 Qf8 17. Rad1 Kh7 18. dxe5 Nxe5 19. Nfxe5 dxe5 20. b4 Nh5 21. f3 Bf6 22. Bf2 Nf4 23. Bf1 Red8 24. Qb3 Kg7 25. Ne3 Rxd1 26. Rxd1 Rd8 27. Ng4 Rxd1 28. Qxd1 Qd8 29. Qc2 Qd6 30. Nxf6 Kxf6 31. g3 Ne6 32. Be3 g5 33. Bc4 Bc8 34. Kf2 c5 35. Bd5 Bd7 36. Qb3 cxb4 37. cxb4 a5 38. b5 Nd8 39. h4 Bc8 40. Qc3 Bd7 41. hxg5+ hxg5 42. Qc1 Ne6 43. Bxe6 Bxe6 44. Bxg5+ Kg6 45. Be3 Kg7 46. Bh6+ Kh7 47. Qh1 Kg8 48. g4 Bc4 49. Qh5 Qg6 50. Qxg6+ fxg6 51. Be3 Bb3 52. Bxb6 Bxa4 53. Bxa5 Bxb5 54. Bc3 Kf7 55. Bxe5 Ke6 56. Bc7 Bd7 57. Ke3 Ba4 58. Ke2 Bb5+ 59. Kf2 Ba4 60. Ke2 Bb5+ 61. Kd2 Ba4 62. Ba5 Bc6 63. Ke3 Ba4 64. f4 Bd7 65. Bc3 Kf7 66. f5 gxf5 67. exf5 Kg8 68. Kf4 Kh7 69. g5 Ba4 70. g6+ Kg8 71. f6 Be8 72. Kg5 Kf8 73. Bb4+ Kg8 74. Ba3 1-0

[Event "Niederoesterreich Landesliga 1718"]
[Site "Austria"]
[Date "2018.04.15"]
[Round "11.1"]
[White "Froewis, Georg"]
[Black "Hofegger, Jakob"]
[Result "1-0"]
[WhiteElo "2431"]
[BlackElo "2111"]
[PlyCount "105"]
[EventDate "2017.10.01"]
[EventType "team-tourn"]
[EventRounds "11"]
[EventCountry "AUT"]
[SourceTitle "EXT 2021"]
[Source "ChessBase"]
[SourceDate "2020.10.23"]
[SourceVersion "1"]
[SourceVersionDate "2020.10.23"]
[SourceQuality "1"]
[WhiteTeam "Krems Voest"]
[BlackTeam "Baden Invest II"]
[WhiteTeamCountry "AUT"]
[BlackTeamCountry "AUT"]

1. Nf3 Nf6 2. c4 g6 3. Nc3 Bg7 4. e4 d6 5. d4 0-0 6. Be2 e5 7. 0-0 Nc6 8. d5 Ne7 9. Ne1 Nd7 10. Nd3 f5 11. f3 Nf6 12. c5 f4 13. Bd2 g5 14. Rc1 Ng6 15. Nb5 Rf7 16. Ba5 b6 17. cxd6 cxd6 18. Be1 a6 19. Nc3 h5 20. Nb4 b5 21. a4 g4 22. Nc6 Qe8 23. axb5 axb5 24. Nxb5 Bf8 25. Ra1 Rxa1 26. Qxa1 gxf3 27. Bxf3 Bg4 28. Qa5 Bxf3 29. gxf3 Rg7 30. Kh1 Ne7 31. Qd8 Qxd8 32. Nxd8 Nc8 33. Rg1 Be7 34. Nc6 Rxg1+ 35. Kxg1 Kf7 36. Ba5 Nd7 37. b4 Ndb6 38. Bxb6 Nxb6 39. Nc7 Bh4 40. Kf1 Bg5 41. Ke2 Bh4 42. Nb5 Nc8 43. Nca7 Nxa7 44. Nxa7 Ke8 45. Kd3 Kd7 46. Kc4 Kc7 47. Kb5 Kb7 48. Nc6 Be1 49. Na5+ Kc7 50. Nc4 Bc3 51. Ka4 Be1 52. b5 Bf2 53. Ka5 1-0

[Event "AUT-chT2O 1718"]
[Site "Austria"]
[Date "2018.04.08"]
[Round "11.1"]
[White "Peyrer, Konstantin"]
[Black "Hofegger, Jakob"]
[Result "1/2-1/2"]
[WhiteElo "2040"]
[BlackElo "2111"]
[PlyCount "77"]
[EventDate "2017.10.21"]
[EventType "team-tourn"]
[EventRounds "11"]
[EventCountry "AUT"]
[SourceTitle "EXT 2019"]
[Source "ChessBase"]
[SourceDate "2018.10.10"]
[SourceVersion "1"]
[SourceVersionDate "2018.10.10"]
[SourceQuality "1"]
[WhiteTeam "Ottakring II"]
[BlackTeam "Baden Invest"]
[WhiteTeamCountry "AUT"]
[BlackTeamCountry "AUT"]

1. d4 Nf6 2. Bf4 g6 3. Nc3 d5 4. e3 Bg7 5. h4 0-0 6. h5 c5 7. hxg6 hxg6 8. dxc5 Nc6 9. Bh6 e5 10. Bxg7 Kxg7 11. Qd2 Rh8 12. Rxh8 Kxh8 13. Nf3 Bg4 14. Ng5 Kg7 15. f3 Be6 16. Nb5 Nd7 17. Nxe6+ fxe6 18. c4 d4 19. exd4 exd4 20. 0-0-0 e5 21. f4 a6 22. Nd6 Nxc5 23. fxe5 a5 24. Be2 Qe7 25. Bf3 Ne6 26. Bd5 Rf8 27. Rh1 Ng5 28. Nxb7 Nxe5 29. Qxd4 Qf6 30. Qh4 Nd3+ 31. Kd2 Qxb2+ 32. Kxd3 Qa3+ 33. Kd4 Qb2+ 34. Kc5 Rc8+ 35. Bc6 Qe5+ 36. Kb6 Qc7+ 37. Ka7 Qb8+ 38. Kb6 Qc7+ 39. Ka7 1/2-1/2

[Event "AUT-chT2O 1718"]
[Site "Austria"]
[Date "2018.04.07"]
[Round "10.1"]
[White "Hofegger, Jakob"]
[Black "Miazhynski, Yuri"]
[Result "0-1"]
[WhiteElo "2111"]
[BlackElo "2104"]
[PlyCount "132"]
[EventDate "2017.10.21"]
[EventType "team-tourn"]
[EventRounds "11"]
[EventCountry "AUT"]
[SourceTitle "EXT 2019"]
[Source "ChessBase"]
[SourceDate "2018.10.10"]
[SourceVersion "1"]
[SourceVersionDate "2018.10.10"]
[SourceQuality "1"]
[WhiteTeam "Baden Invest"]
[BlackTeam "Bad Voeslau"]
[WhiteTeamCountry "AUT"]
[BlackTeamCountry "AUT"]

1. Nf3 c5 2. g3 Nf6 3. Bg2 g6 4. 0-0 Bg7 5. Re1 Nc6 6. d3 0-0 7. Nbd2 Rb8 8. e4 d6 9. a4 Bg4 10. h3 Bxf3 11. Nxf3 Nd7 12. c3 a6 13. Be3 b5 14. axb5 axb5 15. Qd2 Na5 16. Qc2 c4 17. d4 Nb3 18. Ra2 Ra8 19. Rxa8 Qxa8 20. e5 d5 21. e6 fxe6 22. Bg5 e5 23. Nxe5 Nxe5 24. dxe5 e6 25. h4 Qa7 26. Be3 Qf7 27. Bh3 Ra8 28. Qe2 Bf8 29. Qg4 Ra6 30. h5 Be7 31. hxg6 hxg6 32. Bg5 Kg7 33. Bxe7 Qxe7 34. Re3 Nd2 35. Qf4 Qf7 36. Qg4 Qf5 37. Qxf5 gxf5 38. g4 f4 39. Re2 Ra1+ 40. Kh2 Ne4 41. g5 Nxg5 42. Bg4 b4 43. cxb4 Ra4 44. b3 cxb3 45. Rb2 Rxb4 46. Bd1 Nf7 47. Rxb3 Rxb3 48. Bxb3 Nxe5 49. Kg2 Kf6 50. Kf1 f3 51. Ke1 Kg5 52. Ba4 Kf4 53. Kd2 Ng4 54. Bd7 e5 55. Ke1 e4 56. Kf1 d4 57. Bb5 e3 58. fxe3+ dxe3 59. Ba6 Kg3 60. Bb5 Nh2+ 61. Ke1 f2+ 62. Kd1 f1Q+ 63. Bxf1 Nxf1 64. Ke2 Kf4 65. Kxf1 Kf3 66. Ke1 e2 0-1

[Event "Niederoesterreich Landesliga 1718"]
[Site "Austria"]
[Date "2018.03.04"]
[Round "9.1"]
[White "Hofegger, Jakob"]
[Black "Pammer, Andreas"]
[Result "1-0"]
[WhiteElo "2111"]
[BlackElo "2135"]
[PlyCount "69"]
[EventDate "2017.10.01"]
[EventType "team-tourn"]
[EventRounds "11"]
[EventCountry "AUT"]
[SourceTitle "EXT 2019"]
[Source "ChessBase"]
[SourceDate "2018.10.10"]
[SourceVersion "1"]
[SourceVersionDate "2018.10.10"]
[SourceQuality "1"]
[WhiteTeam "Baden Invest II"]
[BlackTeam "Bisamberg/Korneuburg"]
[WhiteTeamCountry "AUT"]
[BlackTeamCountry "AUT"]

1. Nf3 Nf6 2. g3 g6 3. Bg2 Bg7 4. 0-0 0-0 5. d3 d6 6. e4 e5 7. c3 h6 8. Nbd2 Nbd7 9. b3 Nh7 10. Bb2 Ng5 11. Nh4 Ne6 12. Ndf3 Ng5 13. Qe2 Nf6 14. Qd2 Nfh7 15. Rae1 Bh3 16. d4 Bxg2 17. Kxg2 Qd7 18. Ng1 exd4 19. cxd4 Rae8 20. f3 Re7 21. d5 Rfe8 22. Bxg7 Kxg7 23. Qc3+ f6 24. Ne2 Kf7 25. Nf4 Nf8 26. Rc1 Rc8 27. Qd4 a6 28. Rc2 Ngh7 29. Nd3 Ng5 30. Nf2 f5 31. exf5 gxf5 32. Nd3 Rce8 33. Rff2 c5 34. dxc6 bxc6 35. Qc4+ 1-0

[Event "Niederoesterreich Landesliga 1718"]
[Site "Austria"]
[Date "2018.01.21"]
[Round "7.1"]
[White "Hofegger, Jakob"]
[Black "Blatny, Pavel"]
[Result "1/2-1/2"]
[WhiteElo "2111"]
[BlackElo "2351"]
[PlyCount "115"]
[EventDate "2017.10.01"]
[EventType "team-tourn"]
[EventRounds "11"]
[EventCountry "AUT"]
[SourceTitle "EXT 2019"]
[Source "ChessBase"]
[SourceDate "2018.10.10"]
[SourceVersion "1"]
[SourceVersionDate "2018.10.10"]
[SourceQuality "1"]
[WhiteTeam "Baden Invest II"]
[BlackTeam "Zwettl"]
[WhiteTeamCountry "AUT"]
[BlackTeamCountry "AUT"]

1. Nf3 b6 2. g3 Bb7 3. Bg2 e6 4. 0-0 f5 5. d4 Be7 6. c4 Nf6 7. Nc3 Ne4 8. Qc2 Nxc3 9. Qxc3 Bf6 10. Qd2 a5 11. b3 0-0 12. Bb2 d6 13. Rad1 Nd7 14. Ne1 Bxg2 15. Nxg2 g5 16. f3 Qe7 17. e4 fxe4 18. fxe4 Qg7 19. Rf2 Qg6 20. Re1 Bg7 21. Rxf8+ Rxf8 22. Qe2 c5 23. e5 cxd4 24. Bxd4 Bxe5 25. Be3 Bc3 26. Rf1 Rxf1+ 27. Qxf1 d5 28. cxd5 exd5 29. h3 d4 30. Qc4+ Qf7 31. Qc8+ Kg7 32. Bxg5 Nc5 33. Nf4 d3 34. Qg4 d2 35. Nh5+ Kh8 36. Bxd2 Bxd2 37. Qd4+ Kg8 38. Qd8+ Qf8 39. Qxd2 Qf5 40. g4 Qe5 41. Nf4 Kg7 42. Ne2 h5 43. Qd4 Qxd4+ 44. Nxd4 hxg4 45. hxg4 a4 46. b4 Nd3 47. a3 Ne5 48. Kf2 Nxg4+ 49. Kf3 Nf6 50. Kf4 Nd5+ 51. Ke5 Nc3 52. Kd6 Kf6 53. Kc6 Ke5 54. Nb5 Nd5 55. Nc7 Nxb4+ 56. Kxb6 Nc2 57. Kb5 Nxa3+ 58. Kxa4 1/2-1/2

[Event "AUT-chT2O 1718"]
[Site "Austria"]
[Date "2018.01.13"]
[Round "6.1"]
[White "Hofegger, Jakob"]
[Black "Kuntner, Reinhard1111"]
[Result "1/2-1/2"]
[WhiteElo "2111"]
[BlackElo "2061"]
[PlyCount "75"]
[EventDate "2017.10.21"]
[EventType "team-tourn"]
[EventRounds "11"]
[EventCountry "AUT"]
[SourceTitle "EXT 2019"]
[Source "ChessBase"]
[SourceDate "2018.10.10"]
[SourceVersion "1"]
[SourceVersionDate "2018.10.10"]
[SourceQuality "1"]
[WhiteTeam "Baden Invest"]
[BlackTeam "Nickelsdorf Blackburne"]
[WhiteTeamCountry "AUT"]
[BlackTeamCountry "AUT"]

1. Nf3 d5 2. g3 Nf6 3. Bg2 c5 4. 0-0 Nc6 5. d3 e6 6. Nbd2 Be7 7. e4 0-0 8. Re1 Qc7 9. c3 b6 10. Qe2 Ba6 11. e5 Nd7 12. Nf1 Rfe8 13. Bf4 Nf8 14. h4 Ng6 15. Bd2 f6 16. exf6 Bxf6 17. h5 Nf8 18. Ne3 Rad8 19. Ng4 e5 20. Nxf6+ gxf6 21. Nh4 Bc8 22. Qf3 Qf7 23. Nf5 Bxf5 24. Qxf5 Qe6 25. Bh3 Qxf5 26. Bxf5 Ne6 27. Rad1 Ng5 28. Kg2 Nf7 29. a3 Nd6 30. Bh3 c4 31. Bc1 d4 32. Kf1 cxd3 33. cxd4 e4 34. Bf4 Nxd4 35. Bxd6 Rxd6 36. Rxd3 exd3 37. Rxe8+ Kf7 38. Re1 1/2-1/2

[Event "AUT-chT2O 1718"]
[Site "Austria"]
[Date "2017.12.02"]
[Round "5.1"]
[White "Hechl, Gerald"]
[Black "Hofegger, Jakob"]
[Result "1-0"]
[WhiteElo "2274"]
[BlackElo "2111"]
[PlyCount "139"]
[EventDate "2017.10.21"]
[EventType "team-tourn"]
[EventRounds "11"]
[EventCountry "AUT"]
[SourceTitle "EXT 2019"]
[Source "ChessBase"]
[SourceDate "2018.10.10"]
[SourceVersion "1"]
[SourceVersionDate "2018.10.10"]
[SourceQuality "1"]
[WhiteTeam "Pressbaum"]
[BlackTeam "Baden Invest"]
[WhiteTeamCountry "AUT"]
[BlackTeamCountry "AUT"]

1. d4 g6 2. e4 Bg7 3. Nf3 d6 4. Bc4 Nf6 5. Qe2 d5 6. exd5 Nxd5 7. 0-0 Nb6 8. Bb3 0-0 9. a4 a5 10. c3 Bg4 11. Nbd2 N8d7 12. Ne4 Nf6 13. Nc5 Rb8 14. h3 Bc8 15. Re1 e6 16. Ne5 Nbd5 17. Bg5 Qe8 18. Bc4 c6 19. Bxd5 cxd5 20. Qb5 Ra8 21. Bxf6 Bxf6 22. Ned7 Bxd7 23. Nxd7 Be7 24. Qxb7 h5 25. Nxf8 Qxf8 26. Qb5 Rb8 27. Qe2 Bd6 28. Qd2 Bc7 29. h4 Rb3 30. Re2 Qb8 31. g3 Qb6 32. Kg2 Bd6 33. Rae1 Be7 34. Qc2 Kg7 35. Rd2 Bd6 36. Ree2 Qb7 37. f4 Be7 38. Rf2 Bf6 39. Rde2 Qb6 40. Qd1 Qb7 41. Rd2 Kg8 42. Kh3 Qb6 43. g4 hxg4+ 44. Kxg4 Kf8 45. h5 gxh5+ 46. Kxh5 Ke7 47. Kg4 Qb8 48. Kf3 Qb7 49. Kg2 Qb6 50. Kh1 Qb8 51. Qc2 Rb6 52. Rde2 Bh4 53. Rf3 Qg8 54. Rg2 Qb8 55. Qh7 Bf6 56. Rff2 Qe8 57. Qc2 Rc6 58. Qd3 Rb6 59. Qd1 Qb8 60. Rh2 Rb7 61. Qc2 Qg8 62. Qe2 Rb6 63. Rfg2 Qb8 64. Qg4 Qc8 65. Rh7 Qc4 66. Qh5 Kd6 67. Kh2 Qf1 68. Qh6 Ke7 69. Rxf7+ Kxf7 70. Qh7+ 1-0

[Event "Niederoesterreich Landesliga 1718"]
[Site "Austria"]
[Date "2017.10.29"]
[Round "3.2"]
[White "Morgunov, Daniel"]
[Black "Hofegger, Jakob"]
[Result "1-0"]
[WhiteElo "2149"]
[BlackElo "2111"]
[PlyCount "129"]
[EventDate "2017.10.01"]
[EventType "team-tourn"]
[EventRounds "11"]
[EventCountry "AUT"]
[SourceTitle "EXT 2019"]
[Source "ChessBase"]
[SourceDate "2018.10.10"]
[SourceVersion "1"]
[SourceVersionDate "2018.10.10"]
[SourceQuality "1"]
[WhiteTeam "Kottingbrunn"]
[BlackTeam "Baden Invest II"]
[WhiteTeamCountry "AUT"]
[BlackTeamCountry "AUT"]

1. e4 e6 2. Nc3 d5 3. Nf3 Nf6 4. e5 Nfd7 5. d4 Be7 6. Bd3 c5 7. dxc5 Nxc5 8. Bf4 Nxd3+ 9. cxd3 0-0 10. 0-0 Nc6 11. Rc1 Bd7 12. a3 f6 13. exf6 Bxf6 14. Bg3 Be8 15. Qe2 Qd7 16. Ne5 Bxe5 17. Bxe5 d4 18. Nb1 Bg6 19. Rfe1 Rae8 20. Nd2 Qd5 21. Bg3 e5 22. Ne4 b6 23. b4 a6 24. Qc2 Rc8 25. Qa4 Bxe4 26. dxe4 Qd7 27. Qb3+ Qf7 28. Qd5 Ne7 29. Qxe5 d3 30. Rc3 Rfd8 31. Rd1 d2 32. Rxc8 Rxc8 33. Qb2 Qc4 34. f3 h6 35. Qxd2 Qb3 36. Qd3 Rc3 37. Qd8+ Kh7 38. Re1 Nc6 39. Qxb6 Qc4 40. e5 Nd4 41. e6 Ne2+ 42. Kh1 Rc1 43. Qe3 Rxe1+ 44. Bxe1 Nf4 45. Qe4+ Qxe4 46. fxe4 Nxe6 47. a4 Kg6 48. b5 axb5 49. axb5 Kf6 50. b6 Nc5 51. Bc3+ Kf7 52. Kg1 g6 53. Bb4 Nb7 54. Kf2 Ke6 55. Ke3 Nd8 56. Kd4 h5 57. Bc3 Nb7 58. e5 g5 59. Kc4 g4 60. g3 Nd8 61. Kc5 Kd7 62. Kd5 Ne6 63. b7 Nc7+ 64. Kc5 Ke6 65. Kb6 1-0

[Event "AUT-chT2O 1617"]
[Site "Austria"]
[Date "2017.04.01"]
[Round "10.5"]
[White "Hofegger, Jakob"]
[Black "Adler, Thomas"]
[Result "1-0"]
[WhiteElo "2072"]
[BlackElo "1963"]
[PlyCount "67"]
[EventDate "2016.10.15"]
[EventType "team-tourn"]
[EventRounds "11"]
[EventCountry "AUT"]
[SourceTitle "CBM 177 Extra"]
[Source "ChessBase"]
[SourceDate "2017.04.27"]
[SourceVersion "1"]
[SourceVersionDate "2017.04.27"]
[SourceQuality "1"]
[WhiteTeam "Baden Invest"]
[BlackTeam "Nickelsdorf Blackburne II"]
[WhiteTeamCountry "AUT"]
[BlackTeamCountry "AUT"]

1. Nf3 e6 2. g3 Nf6 3. Bg2 d5 4. 0-0 c5 5. d3 Nc6 6. Nbd2 Be7 7. e4 dxe4 8. dxe4 Qc7 9. c3 0-0 10. Qe2 e5 11. Nc4 Bg4 12. Bg5 h6 13. Bxf6 Bxf6 14. Ne3 Bxf3 15. Bxf3 Ne7 16. h4 Rad8 17. a4 Rd6 18. Nc4 Ra6 19. Rfd1 Nc8 20. Ne3 Ne7 21. Qc4 Rd6 22. Rxd6 Qxd6 23. Rd1 Qc7 24. Bg4 Qb6 25. Qb5 Qxb5 26. axb5 b6 27. Ra1 Nc8 28. Bxc8 Rxc8 29. Rxa7 Rb8 30. Nc4 h5 31. Ra6 Bd8 32. Nxe5 Bc7 33. Nc6 Re8 34. Ra7 1-0